书目信息 |
| 题名: |
生命的曲线
|
|
| 作者: | 库克 , Cook 著 ;周秋麟 译 | |
| 分册: | ||
| 出版信息: | 长春 吉林人民出版社 2000 |
|
| 页数: | 22,13,634页 | |
| 开本: | 20cm | |
| 丛书名: | 大美译丛 | |
| 单 册: | ||
| 中图分类: | B832.1 | |
| 科图分类: | ||
| 主题词: | 科学美学 | |
| 电子资源: | ||
| ISBN: | 7-206-03536-1 | |
| 000 | 00938nam2 2200289 45 | |
| 001 | 012001007808 | |
| 005 | 20070807083151.37 | |
| 010 | @a7-206-03536-1@dCNY29.80 | |
| 100 | @a20010212d2000 em y0chiy0110 ea | |
| 101 | 1 | @achi@ceng |
| 102 | @aCN@b220000 | |
| 105 | @aa z 001yy | |
| 200 | 1 | @a生命的曲线@9sheng ming de qu xian@f(英)特奥多·安德列·库克(Theodore Andrea Cook)著@g周秋麟等译 |
| 210 | @a长春@c吉林人民出版社@d2000 | |
| 215 | @a22,13,634页@c图@d20cm | |
| 225 | 2 | @a大美译丛 |
| 305 | @a据Dover出版社1979年版译出 | |
| 330 | @a本书内容包括:数学定义、贝类的水平螺旋、攀缘植物、人体的螺旋结构、自然界和艺术品中的螺线等。 | |
| 461 | 0 | @12001 @a大美译丛 |
| 510 | 1 | @aThe Curves of life@zeng |
| 606 | 0 | @a科学美学 |
| 690 | @aB832.1@v4 | |
| 701 | 1 | @a库克@9ku ke@bT.A.@4著 |
| 701 | 1 | @aCook@bTheodore Andrea@4著 |
| 702 | 0 | @a周秋麟@9zhou qiu lin@4译 |
| 801 | 0 | @aCN@bNLC@c20070807 |
| 905 | @a10447@dB832.1@e260 | |
| 生命的曲线/(英)特奥多·安德列·库克(Theodore Andrea Cook)著/周秋麟等译.-长春:吉林人民出版社,2000 |
| 22,13,634页:图;20cm.-(大美译丛) |
| ISBN 7-206-03536-1:CNY29.80 |
| 本书内容包括:数学定义、贝类的水平螺旋、攀缘植物、人体的螺旋结构、自然界和艺术品中的螺线等。 |
| ● |
| 相关链接 |
|
|
|
|
正题名:生命的曲线
索取号:B832.1/260
 
预约/预借
| 序号 | 登录号 | 条形码 | 馆藏地/架位号 | 状态 | 备注 |
| 1 | 0802977 | 208029774 | 第一样本阅览室/ [索取号:B832.1/260] | 在馆 | |
| 2 | 0802978 | 208029783 | 第一借阅区/ [索取号:B832.1/260] | 在馆 | |
| 3 | 0802979 | 208029792 | 第一借阅区/ [索取号:B832.1/260] | 在馆 | |
| 4 | 0802980 | 208029809 | 第一借阅区/ [索取号:B832.1/260] | 在馆 | |
| 5 | 0802981 | 208029818 | 密集书库/ [索取号:B832.1/260] | 在馆 | |
| 6 | 0802982 | 208029827 | 密集书库/ [索取号:B832.1/260] | 在馆 | |
| 7 | 0802983 | 208029836 | 第一借阅区/ [索取号:B832.1/260] | 在馆 | |
| 8 | 0802984 | 208029845 | 教育系资料室/ [索取号:B832.1/260] | 在馆 | |
| 9 | 0802985 | 208029854 | 密集书库/ [索取号:B832.1/260] | 在馆 | |
| 10 | 0802986 | 208029863 | 第一借阅区/ [索取号:B832.1/260] | 在馆 |